000 00807cam a22002653a 4500
001 785
003 PGUSA
005 20140828082952.0
008 970101s1997||||xxu|||||s|||||000 p eng d
040 _aPGUSA
_beng
042 _adc
050 4 _aPA
100 1 _aLucretius Carus, Titus,
_d-95--55
245 1 0 _aOn the Nature of Things
_h[electronic resource] /
_cTitus Lucretius Carus
260 _bProject Gutenberg,
_c1997
506 _aPublic domain in the USA.
516 _aElectronic text
653 _aPhilosophy, Ancient -- Poetry
653 _aDidactic poetry, Latin -- Translations into English
700 1 _aLeonard, William Ellery,
_d1876-1944
740 0 _aDe rerum natura. English
830 0 _aProject Gutenberg
_v785
856 4 0 _uhttp://www.gutenberg.org/ebooks/785
942 _cEB
999 _c230136
_d230136